[Event "Deutsche Ländermeisterschaft 2019"]
[Site "Würzburg GER"]
[Date "2019.10.03"]
[Round "3"]
[White "Ermitsch, Magnus"]
[Black "Brunner, Sophia"]
[Result "1/2-1/2"]
[Termination "normal"]
[Board "3.6"]
[WhiteElo "1671"]
[BlackElo "1968"]
[WhiteClock "00:28:05"]
[BlackClock "00:19:28"]
[WhiteTeam "Berlin"]
[BlackTeam "Niedersachsen"]
[PlyCount "63"]
[WhiteFideId "16234464"]
[BlackFideId "12960683"]
[EventCountry "GER"]
[EventRounds "7"]
[EventType "team-swiss"]
[EventDate "2019.10.01"]

1. e4 {[%clk 1:30:28]} e6 {[%clk 1:30:51]} 2. d4 {[%clk 1:30:16]} d5 {[%clk
1:31:16]} 3. Nc3 {[%clk 1:30:06]} Nf6 {[%clk 1:31:37]} 4. Bg5 {[%clk 1:30:02]}
Bb4 {[%clk 1:32:00]} 5. e5 {[%clk 1:26:19]} h6 {[%clk 1:32:24]} 6. exf6 {[%clk
1:24:51]} hxg5 {[%clk 1:32:49]} 7. fxg7 {[%clk 1:24:27]} Rg8 {[%clk 1:33:12]}
8. h4 {[%clk 1:21:30]} gxh4 {[%clk 1:33:18]} 9. a3 {[%clk 1:14:12]} Bxc3+
{[%clk 1:22:31]} 10. bxc3 {[%clk 1:14:21]} Qf6 {[%clk 1:22:39]} 11. Nf3 {[%clk
1:13:22]} Qxg7 {[%clk 1:20:28]} 12. Rxh4 {[%clk 1:13:18]} c5 {[%clk 1:12:00]}
13. Ne5 {[%clk 1:09:07]} c4 {[%clk 0:59:06]} 14. Rf4 {[%clk 1:07:30]} f6 {[%clk
0:53:11]} 15. Qh5+ {[%clk 1:06:19]} Kd8 {[%clk 0:46:38]} 16. Rg4 {[%clk
1:02:16]} Qf8 {[%clk 0:46:25]} 17. Qf7 {[%clk 0:52:10]} Rh8 {[%clk 0:42:52]}
18. Rg7 {[%clk 0:48:56]} Na6 {[%clk 0:42:38]} 19. Ng6 {[%clk 0:44:11]} Qxf7
{[%clk 0:42:27]} 20. Rxf7 {[%clk 0:44:34]} Rg8 {[%clk 0:31:15]} 21. Rxf6 {[%clk
0:44:46]} Bd7 {[%clk 0:30:40]} 22. Ne5 {[%clk 0:43:21]} Nc7 {[%clk 0:30:05]}
23. Kd2 {[%clk 0:41:09]} Be8 {[%clk 0:30:02]} 24. g3 {[%clk 0:39:49]} Ke7
{[%clk 0:29:36]} 25. Rh6 {[%clk 0:39:22]} Bf7 {[%clk 0:25:32]} 26. Rh7 {[%clk
0:38:53]} Raf8 {[%clk 0:25:50]} 27. Rb1 {[%clk 0:38:42]} b6 {[%clk 0:24:11]}
28. a4 {[%clk 0:37:34]} Ne8 {[%clk 0:20:40]} 29. a5 {[%clk 0:35:27]} Nf6 {[%clk
0:20:12]} 30. Rxf7+ {[%clk 0:35:06]} Rxf7 {[%clk 0:20:35]} 31. Nxf7 {[%clk
0:35:24]} Ne4+ {[%clk 0:19:28]} 32. Ke1 {[%clk 0:28:05]} 1/2-1/2

[Event "Deutsche Ländermeisterschaft 2019"]
[Site "Würzburg GER"]
[Date "2019.10.03"]
[Round "3"]
[White "Nothnagel, Marian Can"]
[Black "Nguyen, Huy Dat"]
[Result "1-0"]
[Termination "normal"]
[Board "4.1"]
[WhiteTitle "FM"]
[WhiteElo "2376"]
[BlackElo "2181"]
[WhiteClock "00:12:31"]
[BlackClock "00:00:59"]
[WhiteTeam "Hessen"]
[BlackTeam "Thüringen"]
[PlyCount "75"]
[WhiteFideId "12921530"]
[BlackFideId "12923486"]
[EventCountry "GER"]
[EventRounds "7"]
[EventType "team-swiss"]
[EventDate "2019.10.01"]

1. e4 {[%clk 1:30:57]} c5 {[%clk 1:30:55]} 2. Nf3 {[%clk 1:31:24]} e6 {[%clk
1:31:22]} 3. d3 {[%clk 1:31:51]} b6 {[%clk 1:30:32]} 4. g3 {[%clk 1:32:16]} Bb7
{[%clk 1:30:58]} 5. Bg2 {[%clk 1:32:44]} d6 {[%clk 1:30:51]} 6. O-O {[%clk
1:33:08]} Nf6 {[%clk 1:30:40]} 7. Nbd2 {[%clk 1:33:32]} Be7 {[%clk 1:30:53]} 8.
c3 {[%clk 1:33:55]} O-O {[%clk 1:31:07]} 9. Re1 {[%clk 1:31:54]} Nbd7 {[%clk
1:31:12]} 10. a3 {[%clk 1:32:01]} Ne5 {[%clk 1:28:59]} 11. Nxe5 {[%clk
1:29:03]} dxe5 {[%clk 1:23:52]} 12. Nc4 {[%clk 1:27:00]} Nd7 {[%clk 1:13:14]}
13. b4 {[%clk 1:08:53]} Ba6 {[%clk 1:03:07]} 14. Qb3 {[%clk 1:03:47]} b5 {[%clk
0:56:16]} 15. Nb2 {[%clk 1:01:40]} Qc7 {[%clk 0:51:06]} 16. Be3 {[%clk
0:58:08]} Rfd8 {[%clk 0:46:22]} 17. Rec1 {[%clk 0:56:20]} Nb6 {[%clk 0:23:40]}
18. c4 {[%clk 0:52:56]} bxc4 {[%clk 0:21:29]} 19. dxc4 {[%clk 0:53:13]} Rac8
{[%clk 0:20:23]} 20. b5 {[%clk 0:52:07]} Bb7 {[%clk 0:20:39]} 21. a4 {[%clk
0:52:30]} f5 {[%clk 0:19:22]} 22. Qc2 {[%clk 0:45:05]} Rf8 {[%clk 0:10:22]} 23.
Bd2 {[%clk 0:38:30]} Nd7 24. Bc3 {[%clk 0:36:35]} Rce8 {[%clk 0:05:23]} 25. Re1
{[%clk 0:31:43]} f4 {[%clk 0:03:32]} 26. Rad1 {[%clk 0:26:56]} Bg5 {[%clk
0:02:12]} 27. Qd3 {[%clk 0:24:17]} Nf6 {[%clk 0:01:25]} 28. Qd6 {[%clk
0:23:37]} Qf7 {[%clk 0:00:48]} 29. Qxe5 {[%clk 0:20:16]} Bh6 {[%clk 0:00:47]}
30. Nd3 {[%clk 0:17:25]} Ng4 {[%clk 0:00:40]} 31. Qxc5 {[%clk 0:17:40]} fxg3
{[%clk 0:00:36]} 32. fxg3 {[%clk 0:15:25]} e5 {[%clk 0:00:55]} 33. h3 {[%clk
0:14:11]} Qh5 {[%clk 0:00:43]} 34. hxg4 {[%clk 0:14:07]} Qxg4 {[%clk 0:01:11]}
35. Bxe5 {[%clk 0:12:53]} Rd8 {[%clk 0:00:31]} 36. Nf2 {[%clk 0:12:24]} Rxd1
{[%clk 0:00:33]} 37. Nxg4 {[%clk 0:12:05]} Rxe1+ {[%clk 0:00:59]} 38. Kh2
{[%clk 0:12:31]} 1-0

[Event "Deutsche Ländermeisterschaft 2019"]
[Site "Würzburg GER"]
[Date "2019.10.03"]
[Round "3"]
[White "Ratay, Meike"]
[Black "Krastev, Alexander"]
[Result "0-1"]
[Termination "normal"]
[Board "4.2"]
[BlackTitle "FM"]
[WhiteElo "2032"]
[BlackElo "2343"]
[WhiteClock "00:28:50"]
[BlackClock "00:23:13"]
[WhiteTeam "Thüringen"]
[BlackTeam "Hessen"]
[PlyCount "70"]
[WhiteFideId "12977608"]
[BlackFideId "12989983"]
[EventCountry "GER"]
[EventRounds "7"]
[EventType "team-swiss"]
[EventDate "2019.10.01"]

1. e4 {[%clk 1:30:57]} e5 {[%clk 1:30:55]} 2. Nf3 {[%clk 1:31:23]} Nc6 {[%clk
1:31:22]} 3. Bb5 {[%clk 1:31:49]} a6 {[%clk 1:31:49]} 4. Bxc6 {[%clk 1:32:10]}
dxc6 {[%clk 1:32:15]} 5. O-O {[%clk 1:32:34]} Qf6 {[%clk 1:32:42]} 6. d4 {[%clk
1:32:57]} exd4 {[%clk 1:33:07]} 7. Bg5 {[%clk 1:33:20]} Qd6 {[%clk 1:33:29]} 8.
Qxd4 {[%clk 1:33:33]} Bd7 {[%clk 1:33:25]} 9. Nc3 {[%clk 1:32:26]} f6 {[%clk
1:26:47]} 10. Be3 {[%clk 1:31:18]} Qxd4 {[%clk 1:25:35]} 11. Nxd4 {[%clk
1:31:33]} O-O-O {[%clk 1:26:00]} 12. Rfd1 {[%clk 1:31:29]} Ne7 {[%clk 1:21:41]}
13. f3 {[%clk 1:31:29]} Ng6 {[%clk 1:21:18]} 14. Kf2 {[%clk 1:31:16]} Ne5
{[%clk 1:20:18]} 15. b3 {[%clk 1:31:12]} g6 {[%clk 1:14:50]} 16. Nce2 {[%clk
1:27:07]} c5 {[%clk 1:13:59]} 17. c3 {[%clk 1:19:46]} cxd4 {[%clk 1:14:20]} 18.
cxd4 {[%clk 1:20:15]} Nf7 {[%clk 1:13:54]} 19. Rac1 {[%clk 1:19:40]} Kb8 {[%clk
1:07:00]} 20. Nc3 {[%clk 1:14:19]} Bh6 {[%clk 0:56:25]} 21. Nd5 {[%clk
1:10:13]} f5 {[%clk 0:54:38]} 22. Nxc7 {[%clk 1:05:13]} fxe4 {[%clk 0:54:54]}
23. fxe4 {[%clk 1:05:18]} Rhf8 {[%clk 0:54:51]} 24. Bxh6 {[%clk 1:04:02]} Nxh6+
{[%clk 0:55:16]} 25. Kg1 {[%clk 1:03:12]} Rf4 {[%clk 0:40:36]} 26. e5 {[%clk
0:54:44]} Rc8 {[%clk 0:40:04]} 27. Nd5 {[%clk 0:53:15]} Rxc1 {[%clk 0:40:28]}
28. Rxc1 {[%clk 0:53:43]} Rxd4 {[%clk 0:40:52]} 29. Nf6 {[%clk 0:53:29]} Bc6
{[%clk 0:38:56]} 30. Nxh7 {[%clk 0:50:03]} Ng4 {[%clk 0:37:34]} 31. e6 {[%clk
0:48:34]} Rd2 {[%clk 0:37:15]} 32. Kf1 {[%clk 0:38:57]} Kc7 {[%clk 0:22:34]}
33. h3 {[%clk 0:34:28]} Ne3+ 34. Ke1 {[%clk 0:34:13]} Rxg2 {[%clk 0:22:48]} 35.
Rc3 {[%clk 0:28:50]} Nf5 {[%clk 0:23:13]} 0-1

[Event "Deutsche Ländermeisterschaft 2019"]
[Site "Würzburg GER"]
[Date "2019.10.03"]
[Round "3"]
[White "Haack, Kevin"]
[Black "Nguyen, Ha Thanh"]
[Result "1/2-1/2"]
[Termination "normal"]
[Board "4.5"]
[WhiteElo "2044"]
[BlackElo "2016"]
[WhiteClock "00:21:08"]
[BlackClock "00:03:37"]
[WhiteTeam "Hessen"]
[BlackTeam "Thüringen"]
[PlyCount "237"]
[WhiteFideId "16228715"]
[BlackFideId "12942154"]
[EventCountry "GER"]
[EventRounds "7"]
[EventType "team-swiss"]
[EventDate "2019.10.01"]

1. c4 {[%clk 1:30:56]} e5 {[%clk 1:30:51]} 2. g3 {[%clk 1:31:04]} Nf6 {[%clk
1:31:12]} 3. Bg2 {[%clk 1:31:28]} d5 {[%clk 1:31:24]} 4. cxd5 {[%clk 1:31:52]}
Nxd5 {[%clk 1:31:49]} 5. Nc3 {[%clk 1:31:58]} Nb6 {[%clk 1:32:06]} 6. Nf3
{[%clk 1:31:49]} Nc6 {[%clk 1:32:27]} 7. d3 {[%clk 1:32:03]} Be7 {[%clk
1:32:42]} 8. O-O {[%clk 1:32:15]} O-O {[%clk 1:32:52]} 9. Rb1 {[%clk 1:32:32]}
Be6 {[%clk 1:32:13]} 10. Bd2 {[%clk 1:31:44]} f6 {[%clk 1:29:26]} 11. a3 {[%clk
1:28:48]} Re8 {[%clk 1:26:46]} 12. b4 {[%clk 1:24:38]} a5 {[%clk 1:20:24]} 13.
Ne4 {[%clk 1:09:37]} axb4 {[%clk 1:13:19]} 14. axb4 {[%clk 1:09:43]} Qc8 {[%clk
1:10:20]} 15. e3 {[%clk 1:02:28]} Rd8 {[%clk 1:03:03]} 16. b5 {[%clk 0:58:17]}
Na7 {[%clk 0:40:29]} 17. Bb4 {[%clk 0:50:57]} Bxb4 {[%clk 0:34:24]} 18. Rxb4
{[%clk 0:51:18]} Nd5 {[%clk 0:33:04]} 19. Rb2 {[%clk 0:51:07]} Bf7 {[%clk
0:30:29]} 20. Qc1 {[%clk 0:47:31]} b6 {[%clk 0:23:43]} 21. d4 {[%clk 0:45:52]}
exd4 {[%clk 0:15:45]} 22. Nxd4 {[%clk 0:46:10]} Qd7 {[%clk 0:13:34]} 23. Rd1
{[%clk 0:45:16]} Rac8 {[%clk 0:11:17]} 24. Nc6 {[%clk 0:35:24]} Nxc6 25. bxc6
{[%clk 0:35:49]} Qe7 {[%clk 0:09:13]} 26. Rbd2 {[%clk 0:34:56]} Nb4 {[%clk
0:05:53]} 27. Rd7 {[%clk 0:31:17]} Qf8 {[%clk 0:05:46]} 28. Bh3 {[%clk
0:25:12]} Bd5 {[%clk 0:03:28]} 29. R1xd5 {[%clk 0:24:58]} Nxd5 {[%clk 0:03:35]}
30. Rxd5 {[%clk 0:21:46]} Rxd5 {[%clk 0:03:54]} 31. Be6+ {[%clk 0:22:09]} Kh8
{[%clk 0:04:19]} 32. Bxd5 {[%clk 0:22:32]} Qe7 {[%clk 0:03:54]} 33. Qc4 {[%clk
0:21:51]} Rd8 {[%clk 0:03:28]} 34. Nc3 {[%clk 0:21:44]} Qe5 {[%clk 0:02:13]}
35. Qd4 {[%clk 0:19:27]} Qe7 {[%clk 0:01:55]} 36. e4 {[%clk 0:18:01]} h6 {[%clk
0:01:30]} 37. Nb5 {[%clk 0:18:03]} Qe8 {[%clk 0:01:04]} 38. Nxc7 {[%clk
0:17:02]} Qxc6 {[%clk 0:01:19]} 39. Bxc6 {[%clk 0:16:43]} Rxd4 {[%clk 0:01:48]}
40. Bd5 {[%clk 0:16:45]} Kh7 {[%clk 0:01:21]} 41. Kg2 {[%clk 0:15:58]} Rd2
{[%clk 0:28:28]} 42. Kf3 {[%clk 0:46:44]} Rb2 {[%clk 0:26:09]} 43. Ne6 {[%clk
0:46:07]} g5 {[%clk 0:18:51]} 44. Ke3 {[%clk 0:44:48]} b5 {[%clk 0:15:54]} 45.
Nc5 {[%clk 0:45:04]} Rc2 {[%clk 0:15:15]} 46. Nd3 {[%clk 0:45:23]} Kg7 {[%clk
0:14:58]} 47. Kd4 {[%clk 0:44:52]} Kf8 {[%clk 0:11:30]} 48. Bb3 {[%clk
0:45:07]} Re2 {[%clk 0:11:22]} 49. Bd5 {[%clk 0:39:41]} Rc2 {[%clk 0:10:38]}
50. e5 {[%clk 0:30:37]} fxe5+ {[%clk 0:09:55]} 51. Kxe5 {[%clk 0:30:54]} Rd2
{[%clk 0:07:40]} 52. Be4 {[%clk 0:28:50]} Kg7 {[%clk 0:05:55]} 53. Kd4 {[%clk
0:26:45]} Re2 {[%clk 0:05:31]} 54. Bc6 {[%clk 0:26:45]} b4 {[%clk 0:04:54]} 55.
Ba4 {[%clk 0:26:25]} Kf6 {[%clk 0:05:03]} 56. Bd1 {[%clk 0:25:05]} Rd2 {[%clk
0:05:11]} 57. Bb3 {[%clk 0:25:29]} Re2 {[%clk 0:05:07]} 58. h3 {[%clk 0:25:26]}
Kf5 {[%clk 0:04:20]} 59. g4+ {[%clk 0:24:48]} Kf6 {[%clk 0:04:36]} 60. Ba4
{[%clk 0:23:15]} Ke7 {[%clk 0:03:41]} 61. Kc4 {[%clk 0:20:10]} Rd2 {[%clk
0:03:01]} 62. Bb5 {[%clk 0:20:32]} Rd1 {[%clk 0:02:57]} 63. Bc6 {[%clk
0:18:31]} Rd2 {[%clk 0:02:54]} 64. Be4 {[%clk 0:18:47]} Re2 {[%clk 0:02:50]}
65. Bf5 {[%clk 0:19:11]} Kf6 {[%clk 0:02:31]} 66. Kxb4 {[%clk 0:19:28]} Ra2
{[%clk 0:02:18]} 67. Kc3 {[%clk 0:19:47]} Ra1 {[%clk 0:02:32]} 68. Be4 {[%clk
0:20:09]} Ra2 {[%clk 0:02:26]} 69. Kd4 {[%clk 0:20:31]} Re2 {[%clk 0:02:15]}
70. Bf3 {[%clk 0:20:34]} Rc2 {[%clk 0:02:36]} 71. Ke3 {[%clk 0:20:51]} Rc3
{[%clk 0:02:38]} 72. Be4 {[%clk 0:20:55]} Ra3 {[%clk 0:02:42]} 73. Kf3 {[%clk
0:21:07]} Rc3 {[%clk 0:02:51]} 74. Kg2 {[%clk 0:21:22]} Rc4 {[%clk 0:03:00]}
75. Bf3 {[%clk 0:21:42]} Rd4 {[%clk 0:03:14]} 76. Nc1 {[%clk 0:22:03]} Ke5
{[%clk 0:02:47]} 77. Ne2 {[%clk 0:22:26]} Rd3 {[%clk 0:02:55]} 78. Ng3 {[%clk
0:22:03]} Kf4 {[%clk 0:02:50]} 79. Be2 {[%clk 0:22:08]} Rd2 {[%clk 0:02:42]}
80. Bf1 {[%clk 0:22:19]} Rb2 {[%clk 0:02:24]} 81. Nf5 {[%clk 0:22:02]} h5
{[%clk 0:02:28]} 82. Ne7 {[%clk 0:20:49]} hxg4 {[%clk 0:02:41]} 83. Ng6+ {[%clk
0:21:14]} Kf5 {[%clk 0:02:48]} 84. Bd3+ {[%clk 0:21:41]} Kf6 {[%clk 0:03:07]}
85. hxg4 {[%clk 0:22:06]} Rd2 {[%clk 0:03:00]} 86. Bf5 {[%clk 0:22:21]} Rd8
{[%clk 0:02:51]} 87. Kg3 {[%clk 0:22:02]} Rg8 {[%clk 0:02:32]} 88. Kf3 {[%clk
0:21:13]} Re8 {[%clk 0:02:39]} 89. Kg3 {[%clk 0:20:45]} Rg8 {[%clk 0:03:06]}
90. Nh4 {[%clk 0:20:50]} gxh4+ {[%clk 0:03:08]} 91. Kxh4 {[%clk 0:21:14]} Rh8+
{[%clk 0:03:02]} 92. Kg3 {[%clk 0:21:39]} Rb8 {[%clk 0:02:57]} 93. Kf4 {[%clk
0:21:42]} Rb4+ {[%clk 0:02:45]} 94. Be4 {[%clk 0:22:08]} Rb5 {[%clk 0:02:59]}
95. f3 {[%clk 0:22:19]} Ra5 {[%clk 0:03:12]} 96. Kg3 {[%clk 0:22:32]} Ra3
{[%clk 0:02:58]} 97. Kh4 {[%clk 0:22:49]} Ra5 {[%clk 0:02:50]} 98. Bc2 {[%clk
0:22:08]} Rc5 {[%clk 0:02:45]} 99. Bh7 {[%clk 0:22:04]} Rc4 {[%clk 0:01:32]}
100. Bd3 {[%clk 0:22:09]} Rd4 {[%clk 0:01:51]} 101. Be4 {[%clk 0:22:35]} Rb4
{[%clk 0:01:44]} 102. g5+ {[%clk 0:22:40]} Kg7 {[%clk 0:02:04]} 103. Kg3 {[%clk
0:21:47]} Rc4 {[%clk 0:02:01]} 104. Bf5 {[%clk 0:22:09]} Rc3 {[%clk 0:01:51]}
105. Kg4 {[%clk 0:22:32]} Rc4+ {[%clk 0:01:58]} 106. f4 {[%clk 0:22:57]} Rc1
{[%clk 0:02:15]} 107. Be4 {[%clk 0:23:12]} Rg1+ {[%clk 0:02:05]} 108. Kf5
{[%clk 0:23:36]} Rg3 {[%clk 0:02:19]} 109. Ke5 {[%clk 0:23:49]} Rg4 {[%clk
0:01:33]} 110. g6 {[%clk 0:23:13]} Rg1 {[%clk 0:01:15]} 111. f5 {[%clk
0:23:00]} Rf1 {[%clk 0:01:34]} 112. Bd3 {[%clk 0:22:52]} Rf2 {[%clk 0:01:51]}
113. Ke4 {[%clk 0:22:49]} Kf6 {[%clk 0:02:05]} 114. Ke3 {[%clk 0:22:09]} Rh2
{[%clk 0:02:20]} 115. Kf4 {[%clk 0:22:25]} Rh4+ {[%clk 0:02:34]} 116. Kg3
{[%clk 0:22:49]} Rd4 {[%clk 0:02:55]} 117. Bc2 {[%clk 0:22:12]} Rb4 {[%clk
0:03:22]} 118. Kh3 {[%clk 0:21:02]} Rd4 {[%clk 0:03:37]} 119. Kg3 {[%clk
0:21:08]} 1/2-1/2

[Event "Deutsche Ländermeisterschaft 2019"]
[Site "Würzburg GER"]
[Date "2019.10.03"]
[Round "3"]
[White "Junker, Magnus"]
[Black "Gschnitzer, Adrian"]
[Result "0-1"]
[Termination "normal"]
[Board "6.1"]
[BlackTitle "FM"]
[WhiteElo "2059"]
[BlackElo "2405"]
[WhiteClock "00:19:46"]
[BlackClock "00:01:29"]
[WhiteTeam "Bayern 2"]
[BlackTeam "Baden 1"]
[PlyCount "88"]
[WhiteFideId "16218507"]
[BlackFideId "1270337"]
[EventCountry "GER"]
[EventRounds "7"]
[EventType "team-swiss"]
[EventDate "2019.10.01"]

1. d4 {[%clk 1:30:59]} d5 {[%clk 1:25:21]} 2. c4 {[%clk 1:31:24]} e6 {[%clk
1:25:41]} 3. Nc3 {[%clk 1:31:50]} Nf6 {[%clk 1:26:02]} 4. Bg5 {[%clk 1:32:16]}
Nbd7 {[%clk 1:25:55]} 5. Nf3 {[%clk 1:32:31]} c6 {[%clk 1:25:45]} 6. e3 {[%clk
1:32:52]} Qa5 {[%clk 1:25:33]} 7. Nd2 {[%clk 1:31:50]} Bb4 {[%clk 1:25:21]} 8.
Qc2 {[%clk 1:31:43]} Ne4 {[%clk 1:24:23]} 9. Ncxe4 {[%clk 1:29:55]} dxe4 {[%clk
1:24:43]} 10. Bf4 {[%clk 1:30:18]} O-O {[%clk 1:19:29]} 11. a3 {[%clk 1:27:41]}
f5 {[%clk 0:56:50]} 12. O-O-O {[%clk 1:25:31]} Be7 {[%clk 0:56:10]} 13. h4
{[%clk 1:23:44]} e5 {[%clk 0:53:08]} 14. Bg5 {[%clk 1:21:36]} Qd8 15. dxe5 Bxg5
{[%clk 0:48:09]} 16. hxg5 {[%clk 1:18:21]} Qxg5 {[%clk 0:48:26]} 17. Qc3 {[%clk
1:14:58]} Qe7 {[%clk 0:44:23]} 18. f4 {[%clk 1:14:42]} exf3 {[%clk 0:44:06]}
19. Nxf3 {[%clk 1:15:04]} Nc5 {[%clk 0:43:36]} 20. Be2 {[%clk 1:12:08]} Ne4
{[%clk 0:39:42]} 21. Qe1 {[%clk 1:12:29]} Be6 {[%clk 0:38:11]} 22. Rh4 {[%clk
1:10:59]} a5 {[%clk 0:35:15]} 23. Nd4 {[%clk 1:06:56]} Qf7 {[%clk 0:28:08]} 24.
g4 {[%clk 0:52:57]} fxg4 {[%clk 0:26:54]} 25. Bd3 {[%clk 0:51:35]} Ng5 {[%clk
0:27:09]} 26. Qh1 {[%clk 0:50:49]} h6 {[%clk 0:22:48]} 27. Rh5 {[%clk 0:49:29]}
Qe7 {[%clk 0:15:28]} 28. Rxg5 Qxg5 29. Nxe6 {[%clk 0:00:07]} Qxe3+ 30. Kb1 Rf2
{[%clk 0:14:42]} 31. Qh5 {[%clk 0:38:54]} a4 {[%clk 0:08:01]} 32. c5 {[%clk
0:26:11]} Qf3 {[%clk 0:07:08]} 33. Qh1 {[%clk 0:21:28]} Qxh1 {[%clk 0:04:34]}
34. Rxh1 {[%clk 0:21:53]} g3 {[%clk 0:03:18]} 35. Rg1 {[%clk 0:21:45]} g2
{[%clk 0:03:19]} 36. Bc4 {[%clk 0:20:49]} Kh7 {[%clk 0:03:18]} 37. Nd4 {[%clk
0:18:34]} Rd8 {[%clk 0:03:18]} 38. e6 {[%clk 0:18:56]} Rxd4 {[%clk 0:42:08]}
39. e7 {[%clk 0:19:21]} Rxc4 {[%clk 0:01:09]} 40. e8=Q {[%clk 0:19:46]} Rf1+
{[%clk 0:01:29]} 41. Ka2 Rxg1 42. Qe3 Rd1 43. Qf2 g1=Q 44. Qc2+ g6 0-1

[Event "Deutsche Ländermeisterschaft 2019"]
[Site "Würzburg GER"]
[Date "2019.10.03"]
[Round "3"]
[White "Fischer, Darja"]
[Black "Reich, Elisabeth"]
[Result "1-0"]
[Termination "normal"]
[Board "6.8"]
[WhiteElo "1597"]
[BlackElo "1199"]
[WhiteClock "00:27:21"]
[BlackClock "01:18:43"]
[WhiteTeam "Baden 1"]
[BlackTeam "Bayern 2"]
[PlyCount "89"]
[WhiteFideId "16240898"]
[BlackFideId "16239776"]
[EventCountry "GER"]
[EventRounds "7"]
[EventType "team-swiss"]
[EventDate "2019.10.01"]

1. d4 {[%clk 1:30:59]} Nf6 {[%clk 1:30:38]} 2. c4 {[%clk 1:30:57]} d6 {[%clk
1:31:03]} 3. Nc3 {[%clk 1:30:22]} g6 {[%clk 1:31:27]} 4. e4 {[%clk 1:28:05]}
Bg7 {[%clk 1:31:00]} 5. Nf3 {[%clk 1:26:49]} O-O {[%clk 1:31:13]} 6. Bg5 {[%clk
1:25:35]} b6 {[%clk 1:31:07]} 7. Qd2 {[%clk 1:21:40]} Re8 {[%clk 1:29:52]} 8.
O-O-O {[%clk 1:19:48]} Bb7 {[%clk 1:29:43]} 9. Bd3 {[%clk 1:16:44]} Nc6 {[%clk
1:28:55]} 10. Bh6 {[%clk 1:15:24]} Bh8 {[%clk 1:29:03]} 11. h4 {[%clk 1:13:01]}
Ng4 {[%clk 1:27:49]} 12. Be3 {[%clk 0:59:41]} Nxe3 {[%clk 1:24:21]} 13. Qxe3
{[%clk 0:58:04]} h5 {[%clk 1:23:58]} 14. Rdg1 {[%clk 0:53:20]} Bg7 {[%clk
1:23:40]} 15. g4 {[%clk 0:52:38]} hxg4 {[%clk 1:24:02]} 16. Rxg4 {[%clk
0:52:27]} Qd7 {[%clk 1:23:55]} 17. Rg3 {[%clk 0:51:25]} e5 {[%clk 1:22:18]} 18.
d5 {[%clk 0:46:13]} Nd4 {[%clk 1:22:33]} 19. h5 {[%clk 0:45:31]} a5 {[%clk
1:18:29]} 20. hxg6 {[%clk 0:43:39]} fxg6 {[%clk 1:18:46]} 21. Rxg6 {[%clk
0:43:11]} Qf7 {[%clk 1:18:46]} 22. Rg3 {[%clk 0:40:19]} a4 {[%clk 1:18:42]} 23.
Rhg1 {[%clk 0:37:45]} Re7 {[%clk 1:18:48]} 24. Rxg7+ {[%clk 0:34:40]} Qxg7
{[%clk 1:18:11]} 25. Rxg7+ {[%clk 0:35:07]} Rxg7 {[%clk 1:18:28]} 26. Nxd4
{[%clk 0:35:01]} exd4 {[%clk 1:18:48]} 27. Qxd4 {[%clk 0:35:16]} a3 {[%clk
1:19:09]} 28. b3 {[%clk 0:35:06]} Rg1+ {[%clk 1:19:27]} 29. Kc2 {[%clk
0:34:47]} Rg2 {[%clk 1:19:22]} 30. Nd1 {[%clk 0:34:06]} Rf8 {[%clk 1:19:19]}
31. e5 {[%clk 0:33:39]} dxe5 {[%clk 1:19:34]} 32. Qxe5 {[%clk 0:33:46]} Rf7
{[%clk 1:19:20]} 33. Qe6 {[%clk 0:30:40]} Kg7 {[%clk 1:19:31]} 34. Be4 {[%clk
0:29:56]} Rg1 {[%clk 1:19:09]} 35. Qe5+ {[%clk 0:29:02]} Kg8 {[%clk 1:18:29]}
36. f4 {[%clk 0:28:04]} Re1 {[%clk 1:18:29]} 37. Bh7+ {[%clk 0:28:14]} Rxh7
{[%clk 1:18:32]} 38. Qxe1 {[%clk 0:28:31]} Rh2+ 39. Kb1 {[%clk 0:27:08]} Rh7
{[%clk 1:18:55]} 40. Qe6+ {[%clk 0:27:11]} Rf7 {[%clk 1:19:08]} 41. Ne3 {[%clk
0:26:28]} Kf8 {[%clk 1:18:52]} 42. Nf5 {[%clk 0:26:33]} Rh7 {[%clk 1:18:27]}
43. Qf6+ {[%clk 0:26:39]} Kg8 {[%clk 1:18:33]} 44. Qg6+ {[%clk 0:26:57]} Kh8
{[%clk 1:18:43]} 45. Qe8# {[%clk 0:27:21]} 1-0

[Event "Deutsche Ländermeisterschaft 2019"]
[Site "Würzburg GER"]
[Date "2019.10.03"]
[Round "3"]
[White "Kölle, Tobias"]
[Black "Riehle, Marco"]
[Result "1/2-1/2"]
[Termination "normal"]
[Board "8.2"]
[BlackTitle "FM"]
[WhiteElo "2275"]
[BlackElo "2309"]
[WhiteClock "00:36:35"]
[BlackClock "00:47:10"]
[WhiteTeam "Württemberg"]
[BlackTeam "Baden 2"]
[PlyCount "80"]
[WhiteFideId "16207378"]
[BlackFideId "12904392"]
[EventCountry "GER"]
[EventRounds "7"]
[EventType "team-swiss"]
[EventDate "2019.10.01"]

1. d4 {[%clk 1:30:57]} d5 {[%clk 1:30:39]} 2. c4 {[%clk 1:31:19]} e6 {[%clk
1:30:46]} 3. Nc3 {[%clk 1:31:42]} c5 {[%clk 1:31:11]} 4. cxd5 {[%clk 1:31:23]}
cxd4 {[%clk 1:31:17]} 5. Qa4+ {[%clk 1:31:45]} Bd7 {[%clk 1:31:31]} 6. Qxd4
{[%clk 1:32:08]} exd5 {[%clk 1:31:47]} 7. Qxd5 {[%clk 1:31:45]} Nf6 {[%clk
1:32:09]} 8. Qd1 {[%clk 1:32:09]} Nc6 {[%clk 1:31:39]} 9. e3 {[%clk 1:24:33]}
Bc5 {[%clk 1:31:51]} 10. Nf3 {[%clk 1:24:20]} Qe7 {[%clk 1:30:43]} 11. Bb5
{[%clk 1:23:03]} O-O-O {[%clk 1:29:12]} 12. Qe2 {[%clk 1:22:59]} g5 {[%clk
1:27:09]} 13. O-O {[%clk 1:21:12]} a6 {[%clk 1:21:07]} 14. Bxc6 {[%clk
1:15:20]} Bxc6 {[%clk 1:21:26]} 15. Nd4 {[%clk 1:14:35]} Bxd4 {[%clk 1:11:50]}
16. exd4 {[%clk 1:15:03]} Qxe2 {[%clk 1:12:04]} 17. Nxe2 {[%clk 1:15:31]} h6
{[%clk 1:10:09]} 18. Be3 {[%clk 1:14:50]} Rhe8 {[%clk 1:08:44]} 19. Ng3 {[%clk
1:13:00]} Be4 {[%clk 1:03:04]} 20. Rfe1 {[%clk 1:10:33]} Bg6 {[%clk 1:01:33]}
21. f3 {[%clk 1:03:09]} Nd5 {[%clk 0:58:35]} 22. Bd2 {[%clk 1:00:46]} f5 {[%clk
0:58:22]} 23. Rxe8 {[%clk 0:56:50]} Rxe8 {[%clk 0:58:47]} 24. Re1 {[%clk
0:56:49]} Rxe1+ {[%clk 0:58:32]} 25. Bxe1 {[%clk 0:57:13]} Kd7 {[%clk 0:58:32]}
26. Ne2 {[%clk 0:56:24]} Bf7 {[%clk 0:57:25]} 27. a3 {[%clk 0:56:38]} Kc6
{[%clk 0:57:42]} 28. Nc3 {[%clk 0:54:23]} Ne3 {[%clk 0:55:16]} 29. Bd2 {[%clk
0:50:08]} Nc2 {[%clk 0:54:57]} 30. h4 {[%clk 0:49:48]} gxh4 {[%clk 0:53:37]}
31. Bxh6 {[%clk 0:50:02]} Nxd4 {[%clk 0:53:59]} 32. Be3 {[%clk 0:49:07]} Ne6
{[%clk 0:52:18]} 33. Kh2 {[%clk 0:47:52]} Nc5 {[%clk 0:49:32]} 34. Kh3 {[%clk
0:44:20]} Nd3 {[%clk 0:48:00]} 35. b4 {[%clk 0:44:23]} Ne1 {[%clk 0:46:59]} 36.
Bd2 {[%clk 0:43:25]} Nc2 {[%clk 0:47:15]} 37. Bc1 {[%clk 0:43:43]} Ne1 {[%clk
0:47:22]} 38. Kxh4 {[%clk 0:36:50]} Nxg2+ {[%clk 0:47:41]} 39. Kg5 {[%clk
0:37:06]} Ne1 {[%clk 0:46:46]} 40. Kxf5 {[%clk 0:36:35]} Nxf3 {[%clk 0:47:10]}
1/2-1/2